[Event "World Youth & Cadets Blitz Championships"]
[Site "Rhodes, Greece"]
[Date "2022.05.03"]
[Round "9.23"]
[White "Golubovic, Erik"]
[Black "Jalving, August"]
[Result "1-0"]
[TimeControl "5'/game & 2\"/move"]
[WhiteElo "1506"]
[BlackElo "1908"]

1. e4 {[%clk 00:05:03]} c6 {[%clk 00:05:04]} 2. d4 {[%clk 00:05:04]} d5 {[%clk
00:05:05]} 3. exd5 {[%clk 00:05:05]} cxd5 {[%clk 00:05:06]} 4. Bd3 {[%clk
00:05:05]} {[%emt 00:00:02]} Nc6 {[%clk 00:05:07]} 5. c3 {[%clk 00:05:07]}
{[%emt 00:00:03]} Nf6 {[%clk 00:05:07]} 6. h3 {[%clk 00:05:08]} {[%emt
00:00:02]} e6 {[%clk 00:05:04]} 7. Nf3 {[%clk 00:05:08]} {[%emt 00:00:07]} Bd6
{[%clk 00:05:05]} 8. O-O {[%clk 00:05:04]} {[%emt 00:00:05]} O-O {[%clk
00:05:05]} 9. Re1 {[%clk 00:05:06]} Qc7 10. Bg5 {[%clk 00:05:04]} Be7 {[%clk
00:05:05]} 11. Ne5 {[%clk 00:05:04]} Nd7 {[%clk 00:05:05]} 12. Qh5 {[%clk
00:05:04]} f5 {[%clk 00:05:05]} 13. Nxc6 {[%clk 00:03:52]} {[%emt 00:03:31]}
Bxg5 {[%clk 00:03:06]} {[%emt 00:00:04]} 14. Rxe6 {[%clk 00:03:20]} {[%emt
00:00:34]} Nf6 {[%clk 00:03:00]} {[%emt 00:00:08]} 15. Qxg5 {[%clk 00:03:15]}
{[%emt 00:00:06]} Bxe6 {[%clk 00:03:01]} {[%emt 00:00:02]} 16. Ne5 {[%clk
00:03:06]} {[%emt 00:00:11]} Ne4 {[%clk 00:02:49]} {[%emt 00:00:13]} 17. Qe3
{[%clk 00:02:37]} {[%emt 00:00:32]} Qe7 {[%clk 00:02:26]} {[%emt 00:00:24]} 18.
Nd2 {[%clk 00:02:16]} {[%emt 00:00:23]} f4 {[%clk 00:02:27]} {[%emt 00:00:02]}
19. Qe1 {[%clk 00:02:16]} {[%emt 00:00:01]} Nxd2 {[%clk 00:02:02]} {[%emt
00:00:27]} 20. Qxd2 {[%clk 00:02:15]} {[%emt 00:00:03]} Qg5 {[%emt 00:00:12]}
21. Kh1 {[%clk 00:02:06]} Bf5 {[%clk 00:01:57]} {[%emt 00:00:09]} 22. Bxf5
{[%clk 00:01:58]} {[%emt 00:00:09]} Rxf5 {[%clk 00:01:57]} {[%emt 00:00:02]} 23.
Nf3 {[%clk 00:01:44]} {[%emt 00:00:16]} Qh6 {[%clk 00:01:53]} {[%emt 00:00:06]}
24. Re1 {[%clk 00:01:41]} {[%emt 00:00:05]} Raf8 {[%clk 00:01:46]} {[%emt
00:00:10]} 25. Qd3 {[%clk 00:01:37]} {[%emt 00:00:06]} Rh5 {[%clk 00:01:40]}
{[%emt 00:00:08]} 26. Kh2 {[%clk 00:01:37]} {[%emt 00:00:02]} Qg6 {[%clk
00:01:31]} {[%emt 00:00:11]} 27. Qxg6 {[%clk 00:01:32]} {[%emt 00:00:07]} hxg6
{[%clk 00:01:32]} 28. Re7 {[%clk 00:01:33]} Rf7 {[%clk 00:01:31]} {[%emt
00:00:03]} 29. Re8+ {[%clk 00:01:26]} {[%emt 00:00:09]} Kh7 {[%clk 00:01:32]}
{[%emt 00:00:01]} 30. Ne5 {[%clk 00:01:22]} {[%emt 00:00:05]} Rf6 {[%clk
00:01:19]} {[%emt 00:00:16]} 31. Rd8 {[%clk 00:01:16]} {[%emt 00:00:08]} Rb6
{[%clk 00:01:18]} {[%emt 00:00:04]} 32. b3 {[%clk 00:01:10]} {[%emt 00:00:07]}
Rb5 {[%clk 00:01:05]} {[%emt 00:00:16]} 33. Nf7 {[%clk 00:00:58]} {[%emt
00:00:14]} g5 {[%emt 00:00:12]} 34. Rh8+ {[%clk 00:00:53]} {[%emt 00:00:03]}
Kg6 {[%clk 00:00:57]} {[%emt 00:00:02]} 35. Ne5+ {[%clk 00:00:54]} {[%emt
00:00:01]} Kf6 {[%clk 00:00:28]} 36. Rxh5 {[%clk 00:00:54]} Ra5 {[%clk
00:00:28]} 37. Nf3 {[%clk 00:00:54]} Rxa2 {[%clk 00:00:28]} 38. Rxg5 {[%clk
00:00:43]} {[%emt 00:00:53]} 1-0

[Event "World Youth & Cadets Blitz Championships"]
[Site "Rhodes, Greece"]
[Date "2022.05.03"]
[Round "9.24"]
[White "Gabadadze, Gabriel"]
[Black "Mansurov, Yusuf"]
[Result "1/2-1/2"]
[TimeControl "5'/game & 2\"/move"]
[WhiteElo "1254"]
[BlackElo "1848"]

1. e4 {[%clk 00:05:04]} {[%emt 00:39:29]} c6 {[%clk 00:05:04]} 2. d4 {[%clk
00:05:05]} d5 {[%clk 00:05:05]} 3. Nd2 {[%clk 00:05:06]} dxe4 {[%clk 00:05:06]}
4. Nxe4 {[%clk 00:05:08]} Bf5 {[%clk 00:05:07]} 5. Ng3 {[%clk 00:05:09]} Bg6
{[%clk 00:05:09]} 6. h4 {[%clk 00:05:10]} h6 {[%clk 00:05:10]} 7. Nf3 {[%clk
00:05:11]} Nd7 {[%clk 00:05:11]} 8. Bd3 {[%clk 00:05:11]} {[%emt 00:00:01]}
Bxd3 {[%clk 00:05:12]} 9. Qxd3 {[%clk 00:05:12]} {[%emt 00:00:01]} e6 {[%clk
00:05:14]} 10. O-O {[%clk 00:05:12]} {[%emt 00:00:03]} Ngf6 {[%clk 00:05:09]}
{[%emt 00:00:06]} 11. Bf4 {[%clk 00:05:11]} {[%emt 00:00:02]} Be7 {[%emt
00:00:13]} 12. c4 {[%clk 00:05:06]} {[%emt 00:00:05]} O-O {[%clk 00:04:49]}
{[%emt 00:00:14]} 13. Rfe1 {[%clk 00:05:00]} {[%emt 00:00:08]} c5 {[%clk
00:03:58]} {[%emt 00:00:53]} 14. d5 {[%clk 00:04:19]} {[%emt 00:00:43]} Nb6
{[%clk 00:03:22]} {[%emt 00:00:38]} 15. d6 {[%clk 00:03:32]} {[%emt 00:00:49]}
Re8 {[%clk 00:03:18]} {[%emt 00:00:06]} 16. Rad1 {[%clk 00:03:18]} {[%emt
00:00:15]} Bf8 {[%clk 00:03:11]} {[%emt 00:00:10]} 17. Ne4 {[%clk 00:02:47]}
{[%emt 00:00:32]} Nxe4 {[%clk 00:02:25]} {[%emt 00:00:48]} 18. Rxe4 {[%clk
00:02:45]} {[%emt 00:00:04]} f6 {[%clk 00:01:46]} {[%emt 00:00:42]} 19. Re2
{[%clk 00:02:07]} {[%emt 00:00:39]} e5 {[%clk 00:01:36]} {[%emt 00:00:12]} 20.
Bg3 {[%clk 00:01:22]} {[%emt 00:00:46]} Qd7 {[%clk 00:01:34]} {[%emt 00:00:06]}
21. Nd2 {[%clk 00:00:50]} {[%emt 00:00:34]} Rad8 {[%clk 00:01:12]} {[%emt
00:00:23]} 22. Ne4 {[%clk 00:00:33]} {[%emt 00:00:19]} Qc6 {[%clk 00:01:11]}
{[%emt 00:00:03]} 23. b3 {[%clk 00:00:20]} {[%emt 00:00:15]} Re6 {[%clk
00:01:05]} {[%emt 00:00:09]} 24. Qf3 {[%clk 00:00:15]} {[%emt 00:00:07]} Bxd6
{[%clk 00:00:50]} {[%emt 00:00:17]} 25. Qg4 {[%clk 00:00:09]} {[%emt 00:00:07]}
Be7 {[%clk 00:00:45]} {[%emt 00:00:07]} 26. Red2 {[%clk 00:00:10]} {[%emt
00:00:02]} Rxd2 {[%clk 00:00:39]} {[%emt 00:00:08]} 27. Rxd2 {[%clk 00:00:11]}
a5 {[%clk 00:00:26]} {[%emt 00:00:15]} 28. Qg6 {[%clk 00:00:10]} {[%emt
00:00:02]} Nd7 {[%clk 00:00:17]} {[%emt 00:00:12]} 29. Nc3 {[%clk 00:00:08]}
{[%emt 00:00:03]} Nf8 {[%clk 00:00:12]} {[%emt 00:00:07]} 30. Qg4 {[%clk
00:00:09]} b6 {[%clk 00:00:07]} {[%emt 00:00:07]} 31. Nd5 {[%clk 00:00:10]} Kf7
{[%clk 00:00:07]} {[%emt 00:00:03]} 32. Qh5+ {[%clk 00:00:11]} Ng6 {[%clk
00:00:08]} {[%emt 00:00:01]} 33. Re2 {[%clk 00:00:09]} {[%emt 00:00:04]} e4
{[%clk 00:00:06]} {[%emt 00:00:04]} 34. Qg4 {[%clk 00:00:09]} {[%emt 00:00:02]}
Ne5 {[%clk 00:00:04]} {[%emt 00:00:04]} 35. Bxe5 {[%clk 00:00:09]} {[%emt
00:00:01]} Rxe5 {[%clk 00:00:04]} {[%emt 00:00:02]} 36. Rxe4 {[%clk 00:00:07]}
{[%emt 00:00:04]} Bd6 {[%clk 00:00:05]} {[%emt 00:00:02]} 37. Rxe5 {[%clk
00:00:07]} {[%emt 00:00:02]} Bxe5 {[%clk 00:00:06]} 38. Qh5+ {[%clk 00:00:08]}
g6 {[%clk 00:00:07]} 39. Qxh6 {[%clk 00:00:09]} {[%emt 00:00:01]} b5 {[%clk
00:00:08]} {[%emt 00:00:01]} 40. Qh7+ {[%clk 00:00:09]} {[%emt 00:00:01]} Ke6
{[%clk 00:00:09]} {[%emt 00:00:02]} 41. Qe7+ {[%clk 00:00:09]} {[%emt
00:00:02]} Kf5 {[%emt 00:00:02]} 42. Ne3+ {[%clk 00:00:10]} Ke4 {[%clk
00:00:11]} 43. Qh7 {[%clk 00:00:08]} {[%emt 00:00:04]} f5 {[%clk 00:00:11]}
{[%emt 00:00:02]} 44. Qh6 {[%clk 00:00:06]} {[%emt 00:00:04]} Bf4 {[%emt
00:00:04]} 45. Qf8 {[%clk 00:00:05]} {[%emt 00:00:01]} Bxe3 {[%clk 00:00:10]}
{[%emt 00:00:02]} 46. Qe7+ {[%emt 00:00:06]} Kd3 {[%clk 00:00:06]} 47. Qxe3+
{[%clk 00:00:06]} {[%emt 00:00:03]} Kc2 {[%clk 00:00:08]} 48. Qe2+ {[%clk
00:00:07]} {[%emt 00:00:01]} Kc3 {[%clk 00:00:12]} 49. cxb5 {[%emt 00:00:01]}
Qb6 50. Qc4+ {[%clk 00:00:06]} {[%emt 00:00:01]} Kd2 {[%clk 00:00:12]} {[%emt
00:00:02]} 51. a4 {[%clk 00:00:07]} {[%emt 00:00:01]} Kd1 {[%clk 00:00:10]}
{[%emt 00:00:04]} 52. g3 {[%clk 00:00:08]} Kd2 {[%clk 00:00:10]} {[%emt
00:00:02]} 53. Kg2 {[%clk 00:00:09]} Qb7 {[%clk 00:00:11]} {[%emt 00:00:01]} 54.
f3 {[%clk 00:00:09]} {[%emt 00:00:02]} Ke3 {[%emt 00:00:02]} 55. Qc3+ Ke2
{[%clk 00:00:12]} 56. Qxc5 {[%clk 00:00:12]} {[%emt 00:00:09]} Kd3 {[%emt
00:00:06]} 57. Qe5 {[%clk 00:00:12]} Qc8 {[%clk 00:00:08]} {[%emt 00:00:04]} 58.
Kf2 {[%clk 00:00:12]} Kc2 {[%clk 00:00:09]} {[%emt 00:00:03]} 59. Qe3 {[%clk
00:00:13]} Qb7 {[%clk 00:00:10]} {[%emt 00:00:02]} 60. b6 {[%clk 00:00:14]}
Kxb3 {[%clk 00:00:09]} {[%emt 00:00:03]} 61. Qc5 {[%clk 00:00:14]} Qd5 {[%clk
00:00:10]} {[%emt 00:00:03]} 62. Qc7 {[%clk 00:00:07]} Qd2+ {[%clk 00:00:10]}
{[%emt 00:00:11]} 63. b7 {[%clk 00:00:08]} Qd1 {[%clk 00:00:11]} {[%emt
00:00:02]} 64. Kg2 {[%clk 00:00:09]} Qe2+ {[%clk 00:00:12]} 65. Kg1 {[%clk
00:00:09]} {[%emt 00:00:01]} Qe1+ {[%clk 00:00:13]} 66. Kh2 {[%clk 00:00:09]}
{[%emt 00:00:03]} Qf2+ {[%clk 00:00:14]} {[%emt 00:00:01]} 67. Kh3 {[%clk
00:00:09]} {[%emt 00:00:01]} Qf1 {[%clk 00:00:14]} {[%emt 00:00:02]} 68. Kh2
{[%clk 00:00:10]} Qf2+ {[%clk 00:00:15]} {[%emt 00:00:02]} 69. Kh1 {[%clk
00:00:10]} {[%emt 00:00:01]} Qf1+ {[%clk 00:00:14]} {[%emt 00:00:04]} 70. Kh2
{[%clk 00:00:11]} Qf2+ {[%clk 00:00:15]} {[%emt 00:00:02]} 71. Kh3 {[%clk
00:00:12]} Qf1 {[%clk 00:00:16]} {[%emt 00:00:01]} 72. Kh2 {[%clk 00:00:13]}
Qf2+ {[%clk 00:00:16]} {[%emt 00:00:01]} 1/2-1/2

[Event "World Youth & Cadets Blitz Championships"]
[Site "Rhodes, Greece"]
[Date "2022.05.03"]
[Round "9.25"]
[White "Filindash, Nikita"]
[Black "Gibala, Adam"]
[Result "1-0"]
[TimeControl "5'/game & 2\"/move"]
[WhiteElo "1279"]
[BlackElo "1501"]

1. d4 {[%clk 00:05:03]} Nf6 {[%clk 00:05:04]} 2. c4 {[%clk 00:05:04]} e6 {[%clk
00:05:05]} 3. Nc3 {[%clk 00:05:06]} Bb4 {[%clk 00:05:06]} 4. e3 {[%clk
00:05:07]} Bxc3+ {[%clk 00:05:07]} {[%emt 00:00:02]} 5. bxc3 {[%clk 00:05:08]}
{[%emt 00:00:02]} b6 {[%clk 00:05:08]} 6. Nf3 {[%clk 00:05:06]} {[%emt
00:00:04]} Bb7 {[%clk 00:05:09]} 7. Bd3 {[%clk 00:05:07]} Ne4 {[%clk 00:05:08]}
{[%emt 00:00:04]} 8. Qc2 {[%clk 00:05:08]} f5 {[%clk 00:05:08]} {[%emt
00:00:02]} 9. O-O {[%clk 00:05:08]} {[%emt 00:00:02]} O-O {[%clk 00:05:08]}
{[%emt 00:00:02]} 10. Nd2 {[%clk 00:05:04]} {[%emt 00:00:06]} Nxd2 {[%clk
00:05:05]} {[%emt 00:00:05]} 11. Bxd2 {[%clk 00:05:04]} {[%emt 00:00:02]} d6
{[%clk 00:05:06]} 12. e4 {[%clk 00:05:02]} {[%emt 00:00:04]} f4 {[%clk
00:04:56]} {[%emt 00:00:13]} 13. e5 {[%clk 00:04:58]} {[%emt 00:00:05]} dxe5
{[%clk 00:04:46]} {[%emt 00:00:12]} 14. Bxh7+ {[%clk 00:04:55]} {[%emt
00:00:05]} Kh8 {[%clk 00:04:46]} {[%emt 00:00:02]} 15. Be4 {[%clk 00:04:55]}
{[%emt 00:00:01]} Bxe4 {[%clk 00:04:42]} {[%emt 00:00:07]} 16. Qxe4 {[%clk
00:04:56]} {[%emt 00:00:01]} Nd7 {[%clk 00:04:40]} 17. Qg6 {[%clk 00:03:52]}
{[%emt 00:01:10]} Rf6 {[%clk 00:04:27]} 18. Qg4 {[%clk 00:03:50]} {[%emt
00:00:19]} Qe7 {[%clk 00:03:49]} 19. Qh4+ {[%clk 00:03:36]} {[%emt 00:00:56]}
Kg8 {[%clk 00:03:45]} 20. Rae1 {[%clk 00:03:19]} {[%emt 00:00:24]} exd4 {[%clk
00:03:39]} 21. Bxf4 {[%clk 00:03:16]} {[%emt 00:00:14]} Qf7 {[%clk 00:03:24]}
22. Bxc7 {[%clk 00:02:43]} {[%emt 00:00:53]} Rc8 {[%clk 00:03:20]} 23. Be5
{[%clk 00:02:34]} {[%emt 00:00:16]} Nxe5 24. Rxe5 {[%clk 00:02:34]} Rxc4 {[%clk
00:03:03]} {[%emt 00:00:19]} 25. Rh5 {[%clk 00:02:15]} {[%emt 00:00:21]} Kf8
{[%clk 00:03:03]} {[%emt 00:00:01]} 26. cxd4 {[%clk 00:02:04]} {[%emt
00:00:14]} Rc2 {[%clk 00:02:53]} {[%emt 00:00:12]} 27. Rh8+ {[%clk 00:01:37]}
{[%emt 00:00:28]} Ke7 {[%clk 00:02:54]} {[%emt 00:00:02]} 28. Qe4 {[%clk
00:01:24]} {[%emt 00:00:15]} Rfxf2 {[%clk 00:02:36]} {[%emt 00:00:20]} 29. Qb7+
{[%clk 00:01:20]} {[%emt 00:00:06]} Kf6 {[%clk 00:02:33]} {[%emt 00:00:05]} 30.
Qxf7+ {[%clk 00:01:13]} {[%emt 00:00:09]} 1-0

[Event "World Youth & Cadets Blitz Championships"]
[Site "Rhodes, Greece"]
[Date "2022.05.03"]
[Round "9.26"]
[White "Sason, Noam"]
[Black "Platonovs, Nikolajs"]
[Result "0-1"]
[TimeControl "5'/game & 2\"/move"]
[WhiteElo "1495"]
[BlackElo "1322"]

1. e4 {[%clk 00:04:59]} {[%emt 00:00:10]} c5 {[%clk 00:05:03]} {[%emt
00:00:03]} 2. Nf3 {[%clk 00:05:02]} d6 {[%clk 00:05:04]} 3. d4 {[%clk
00:05:03]} cxd4 {[%clk 00:05:05]} 4. Nxd4 {[%clk 00:05:05]} Nf6 {[%clk
00:05:06]} 5. Nc3 {[%clk 00:05:06]} a6 {[%clk 00:05:07]} 6. Bc4 {[%clk
00:05:05]} {[%emt 00:00:03]} e6 {[%clk 00:05:09]} 7. g4 {[%clk 00:05:00]}
{[%emt 00:00:06]} b5 {[%clk 00:05:05]} {[%emt 00:00:06]} 8. Bb3 {[%clk
00:05:01]} Bb7 {[%clk 00:04:34]} {[%emt 00:00:33]} 9. Qe2 {[%clk 00:04:46]}
{[%emt 00:00:17]} h6 {[%clk 00:04:21]} {[%emt 00:00:16]} 10. g5 {[%clk
00:04:28]} {[%emt 00:00:19]} hxg5 {[%clk 00:04:19]} {[%emt 00:00:04]} 11. Bxg5
{[%clk 00:04:29]} {[%emt 00:00:02]} Be7 {[%clk 00:04:01]} {[%emt 00:00:19]} 12.
Bxe6 {[%clk 00:04:17]} {[%emt 00:00:14]} fxe6 {[%clk 00:03:59]} {[%emt
00:00:04]} 13. Nxe6 {[%clk 00:04:17]} {[%emt 00:00:03]} Qd7 {[%clk 00:03:56]}
{[%emt 00:00:03]} 14. Nxg7+ {[%clk 00:04:17]} {[%emt 00:00:04]} Kf7 {[%clk
00:03:54]} {[%emt 00:00:04]} 15. Nf5 {[%clk 00:03:49]} {[%emt 00:00:30]} Nc6
{[%clk 00:03:21]} {[%emt 00:00:35]} 16. O-O-O {[%clk 00:03:24]} {[%emt
00:00:27]} Raf8 {[%clk 00:01:41]} {[%emt 00:01:40]} 17. Bxf6 {[%clk 00:03:17]}
{[%emt 00:00:10]} Bxf6 {[%clk 00:01:20]} {[%emt 00:00:22]} 18. Qh5+ {[%clk
00:03:01]} {[%emt 00:00:16]} Rxh5 {[%clk 00:01:19]} {[%emt 00:00:06]} 19. Nxd6+
{[%clk 00:03:02]} {[%emt 00:00:01]} Kg8 {[%clk 00:00:52]} {[%emt 00:00:27]} 20.
Rhg1+ {[%clk 00:03:00]} {[%emt 00:00:05]} Kh7 {[%clk 00:00:44]} {[%emt
00:00:10]} 21. Nf5 {[%clk 00:02:33]} {[%emt 00:00:31]} Qf7 {[%clk 00:00:28]}
{[%emt 00:00:16]} 22. b3 {[%clk 00:01:51]} {[%emt 00:00:45]} Bxc3 {[%clk
00:00:21]} {[%emt 00:00:09]} 0-1

[Event "World Youth & Cadets Blitz Championships"]
[Site "Rhodes, Greece"]
[Date "2022.05.03"]
[Round "9.27"]
[White "Safin, Safarullakhan"]
[Black "Jakhria, Kushal"]
[Result "0-1"]
[TimeControl "5'/game & 2\"/move"]
[WhiteElo "1379"]
[BlackElo "1367"]

1. e4 {[%clk 00:05:02]} {[%emt 00:00:02]} c5 {[%clk 00:05:04]} 2. Nf3 {[%clk
00:05:02]} {[%emt 00:00:02]} Nc6 {[%clk 00:05:06]} 3. Bb5 {[%clk 00:05:03]}
{[%emt 00:00:02]} g6 {[%clk 00:05:07]} {[%emt 00:00:01]} 4. O-O {[%clk
00:05:02]} {[%emt 00:00:02]} Bg7 {[%clk 00:05:09]} 5. c3 {[%clk 00:05:01]}
{[%emt 00:00:04]} Qc7 {[%clk 00:04:59]} {[%emt 00:00:11]} 6. d4 {[%clk
00:05:01]} {[%emt 00:00:02]} cxd4 {[%clk 00:04:35]} {[%emt 00:00:25]} 7. cxd4
{[%clk 00:05:02]} {[%emt 00:00:02]} a6 {[%clk 00:04:36]} {[%emt 00:00:02]} 8.
Ba4 {[%clk 00:05:00]} {[%emt 00:00:03]} b5 {[%clk 00:04:37]} 9. Bb3 {[%clk
00:04:57]} {[%emt 00:00:05]} Bb7 {[%clk 00:04:36]} {[%emt 00:00:03]} 10. Nc3
{[%clk 00:04:55]} {[%emt 00:00:04]} e6 {[%clk 00:04:33]} {[%emt 00:00:06]} 11.
d5 {[%clk 00:04:54]} {[%emt 00:00:03]} Na5 {[%clk 00:04:31]} {[%emt 00:00:04]}
12. d6 {[%clk 00:04:45]} {[%emt 00:00:10]} Qc6 {[%clk 00:04:30]} {[%emt
00:00:03]} 13. Bf4 {[%clk 00:04:37]} {[%emt 00:00:10]} Nxb3 {[%clk 00:04:23]}
{[%emt 00:00:09]} 14. axb3 {[%clk 00:04:37]} {[%emt 00:00:02]} Nf6 {[%clk
00:04:18]} {[%emt 00:00:07]} 15. e5 {[%clk 00:04:31]} {[%emt 00:00:07]} Nd5
{[%clk 00:04:17]} {[%emt 00:00:04]} 16. Nxd5 {[%clk 00:04:30]} {[%emt
00:00:02]} Qxd5 {[%clk 00:04:18]} {[%emt 00:00:02]} 17. Qc2 {[%clk 00:04:23]}
{[%emt 00:00:09]} Rc8 {[%clk 00:04:13]} {[%emt 00:00:08]} 18. Qe2 {[%clk
00:04:16]} {[%emt 00:00:09]} Qxb3 {[%clk 00:04:05]} {[%emt 00:00:10]} 19. Rac1
{[%clk 00:04:14]} {[%emt 00:00:04]} O-O {[%clk 00:04:04]} {[%emt 00:00:02]} 20.
Bg5 {[%clk 00:04:05]} {[%emt 00:00:12]} Bxf3 {[%clk 00:04:00]} {[%emt
00:00:05]} 21. Qxf3 {[%clk 00:04:04]} {[%emt 00:00:02]} Qxf3 {[%clk 00:04:01]}
{[%emt 00:00:03]} 22. gxf3 {[%clk 00:04:04]} {[%emt 00:00:01]} Bxe5 {[%clk
00:04:00]} {[%emt 00:00:03]} 23. Be7 {[%clk 00:04:04]} {[%emt 00:00:03]} Rfe8
{[%clk 00:03:57]} {[%emt 00:00:05]} 24. Ra1 {[%clk 00:04:00]} {[%emt 00:00:06]}
Rc6 {[%clk 00:03:55]} {[%emt 00:00:04]} 25. Rac1 {[%clk 00:03:53]} {[%emt
00:00:09]} Rec8 {[%clk 00:03:43]} {[%emt 00:00:14]} 26. Rcd1 {[%clk 00:03:28]}
{[%emt 00:00:26]} Bxb2 {[%clk 00:03:39]} {[%emt 00:00:06]} 27. Rd3 {[%clk
00:03:18]} {[%emt 00:00:12]} Rc3 {[%clk 00:03:28]} {[%emt 00:00:13]} 28. Rd2
{[%clk 00:03:06]} {[%emt 00:00:13]} Bc1 {[%clk 00:03:27]} {[%emt 00:00:04]} 29.
Ra2 {[%clk 00:03:03]} {[%emt 00:00:05]} Ra3 {[%clk 00:03:20]} {[%emt 00:00:09]}
30. Re2 {[%clk 00:02:57]} {[%emt 00:00:08]} Rxf3 {[%clk 00:03:17]} {[%emt
00:00:05]} 31. Kg2 {[%clk 00:02:52]} {[%emt 00:00:07]} Ra3 {[%clk 00:03:17]}
{[%emt 00:00:02]} 32. Bf6 {[%clk 00:02:45]} {[%emt 00:00:10]} h6 {[%clk
00:03:14]} {[%emt 00:00:05]} 33. Re4 {[%clk 00:02:43]} {[%emt 00:00:03]} Bg5
{[%clk 00:03:11]} {[%emt 00:00:05]} 34. Bxg5 {[%clk 00:02:36]} {[%emt
00:00:09]} hxg5 {[%clk 00:03:12]} {[%emt 00:00:02]} 35. Rg4 {[%clk 00:02:36]}
{[%emt 00:00:01]} f6 {[%clk 00:03:13]} 36. Rd4 {[%clk 00:02:35]} {[%emt
00:00:03]} Rc4 {[%clk 00:03:12]} {[%emt 00:00:04]} 37. Rxc4 {[%clk 00:02:20]}
{[%emt 00:00:16]} bxc4 {[%clk 00:03:13]} {[%emt 00:00:01]} 38. Rb1 {[%clk
00:02:12]} {[%emt 00:00:10]} Rb3 {[%clk 00:03:14]} {[%emt 00:00:01]} 39. Ra1
{[%clk 00:02:10]} {[%emt 00:00:04]} Rb6 {[%clk 00:03:15]} {[%emt 00:00:01]} 40.
Ra4 {[%clk 00:02:08]} {[%emt 00:00:05]} Rc6 {[%clk 00:03:15]} {[%emt 00:00:02]}
41. Ra2 {[%clk 00:02:08]} {[%emt 00:00:02]} c3 {[%clk 00:03:16]} {[%emt
00:00:01]} 42. Rc2 {[%clk 00:02:09]} a5 {[%clk 00:03:17]} {[%emt 00:00:01]} 43.
Kf3 {[%clk 00:02:09]} a4 {[%clk 00:03:19]} {[%emt 00:00:01]} 44. Ke3 {[%clk
00:02:10]} {[%emt 00:00:01]} Rxd6 {[%clk 00:03:05]} {[%emt 00:00:16]} 45. Rxc3
{[%clk 00:02:10]} {[%emt 00:00:01]} Rb6 {[%clk 00:03:07]} 46. Kd2 {[%clk
00:02:09]} {[%emt 00:00:04]} Rb2+ {[%clk 00:03:07]} {[%emt 00:00:02]} 47. Ke1
{[%clk 00:02:08]} {[%emt 00:00:04]} Rb4 {[%clk 00:03:02]} {[%emt 00:00:07]} 48.
Ra3 {[%clk 00:02:08]} {[%emt 00:00:02]} d5 {[%clk 00:03:01]} {[%emt 00:00:03]}
49. Kd2 {[%clk 00:02:08]} {[%emt 00:00:01]} e5 {[%clk 00:03:01]} {[%emt
00:00:02]} 50. f3 {[%clk 00:02:08]} {[%emt 00:00:02]} f5 {[%clk 00:03:03]} 51.
Kd3 {[%clk 00:02:09]} {[%emt 00:00:02]} Rb3+ {[%clk 00:03:00]} {[%emt
00:00:04]} 52. Rxb3 {[%clk 00:02:09]} {[%emt 00:00:02]} axb3 {[%clk 00:03:02]}
{[%emt 00:00:01]} 53. Kc3 {[%clk 00:02:09]} {[%emt 00:00:02]} e4 {[%clk
00:03:03]} 54. fxe4 {[%clk 00:02:07]} {[%emt 00:00:03]} dxe4 {[%clk 00:03:04]}
55. Kxb3 {[%clk 00:02:02]} {[%emt 00:00:06]} f4 {[%clk 00:03:06]} 56. Kc2
{[%clk 00:02:02]} {[%emt 00:00:03]} e3 {[%clk 00:03:07]} {[%emt 00:00:01]} 57.
Kd1 {[%clk 00:02:03]} f3 {[%clk 00:03:08]} {[%emt 00:00:01]} 58. Ke1 {[%clk
00:02:04]} {[%emt 00:00:01]} Kf7 {[%clk 00:03:08]} {[%emt 00:00:02]} 59. h3
{[%clk 00:02:05]} {[%emt 00:00:02]} Kf6 {[%clk 00:03:09]} 60. Kf1 {[%clk
00:02:05]} {[%emt 00:00:01]} Kf5 {[%clk 00:03:10]} 61. Ke1 {[%clk 00:02:06]}
{[%emt 00:00:01]} Kf4 {[%clk 00:03:11]} {[%emt 00:00:01]} 62. Kf1 {[%clk
00:02:07]} Kg3 {[%clk 00:03:10]} {[%emt 00:00:03]} 63. Ke1 {[%clk 00:02:06]}
{[%emt 00:00:03]} f2+ {[%clk 00:03:08]} {[%emt 00:00:04]} 64. Kf1 {[%clk
00:02:07]} {[%emt 00:00:02]} Kf3 {[%clk 00:03:09]} 65. h4 {[%clk 00:02:06]}
{[%emt 00:00:02]} e2# {[%clk 00:03:10]} {[%emt 00:00:01]} 0-1